|
|
|
|
| LEADER |
00895nam a2200229 a 4500 |
| 001 |
13026670 |
| 008 |
090615s2003 nju b 001 0 eng d |
| 010 |
|
|
|a \\2002155494
|
| 020 |
|
|
|a 0471430005 (cloth : alk. paper)
|
| 040 |
|
|
|a DLC
|c DLC
|d DLC
|
| 082 |
0 |
0 |
|a 658.15/5
|2 21
|
| 100 |
1 |
|
|a Lam, James.
|
| 245 |
1 |
0 |
|a Enterprise risk management :
|b from incentives to controls /
|c James Lam.
|
| 260 |
|
|
|a Hoboken, N.J. :
|b Wiley,
|c c2003.
|
| 300 |
|
|
|a xvi, 319 p. ;
|c 24 cm.
|
| 490 |
|
0 |
|a Wiley finance series
|
| 504 |
|
|
|a Includes bibliographical references and indexes.
|
| 541 |
1 |
|
|e 00015451
|
| 650 |
|
0 |
|a Risk management.
|
| 852 |
4 |
|
|a Ayesha Abed Library
|j General shelf
|
| 999 |
|
|
|c 1324
|d 1324
|
| 952 |
|
|
|0 0
|1 0
|2 ddc
|4 0
|6 658_155000000000000_LAM
|7 0
|9 1206
|a BRACUL
|b BRACUL
|c GEN
|d 2009-06-25
|g 0.00
|l 3
|m 2
|o 658.155 LAM
|p 3010015451
|r 2014-05-14
|s 2014-04-17
|t 1
|w 2009-06-25
|y BK
|x No price found in the accession register.
|